The money markets handbook : a practitioners' guide

Bibliographic Details
Main Author: Choudhry, Moorad (Author)
Format: Book
Published: Singapore : John Wiley & Sons Asia , c2005
Subjects:

MARC

LEADER 00000cam a2200000 7i4500
001 0000006692
005 20060926093000.0
020 |a 0470821507 
090 0 0 |a HG226   |b .C496 2005 
100 0 |a Choudhry, Moorad ,   |e author 
245 1 4 |a The money markets handbook :   |b a practitioners' guide   |c Moorad Choudhry 
260 2 |a Singapore :   |b John Wiley & Sons Asia ,   |c c2005 
300 |a xviii, 441 p. :   |b ill. ;   |c 25 cm. 
504 |a Includes index 
650 0 |a Money market 
999 |a 1000105618   |b Book   |c OPEN SHELF (30 DAYS)   |e Gong Badak Campus